[Event "Oberpfalz-ch M2"]
[Site "Schwandorf"]
[Date "2015.03.28"]
[Round "1"]
[White "Sanner, Christoph"]
[Black "Haeusler, Florian"]
[Result "1-0"]
[WhiteElo "1697"]
[BlackElo "1553"]
[PlyCount "75"]
[EventDate "2015.03.28"]
[EventType "swiss"]
[EventRounds "8"]
[EventCountry "GER"]
[SourceTitle "EXT 2022"]
[Source "ChessBase"]
[SourceDate "2021.10.06"]
[SourceVersion "1"]
[SourceVersionDate "2021.10.06"]
[SourceQuality "1"]

1. c3 c5 2. d4 cxd4 3. cxd4 d5 4. Nc3 Nc6 5. Bf4 a6 6. e3 Nf6 7. Bd3 e6 8. Rc1 Bd6 9. Bxd6 Qxd6 10. f4 b5 11. Nf3 Bb7 12. 0-0 Na5 13. Bxb5+ axb5 14. Nxb5 Qb6 15. Nc7+ Ke7 16. Nxa8 Rxa8 17. Ne5 g6 18. Rf2 Nc4 19. Nxc4 dxc4 20. Rxc4 Rxa2 21. Qc1 Ne4 22. Re2 Ba6 23. Rc7+ Kf8 24. Rec2 Qa5 25. Qd1 Ra1 26. Rc1 Qxc7 27. Rxa1 Qb6 28. Qe1 Bb7 29. b4 Bd5 30. h3 h5 31. Rc1 Ke7 32. g4 hxg4 33. hxg4 Kd6 34. Qh4 Nd2 35. Qh8 Nf3+ 36. Kg2 Ke7 37. g5 Qxb4 38. Rc7+ 1-0

[Event "Wittelsbach op 1st"]
[Site "Kelheim"]
[Date "2012.12.28"]
[Round "5"]
[White "Schawacht, Max"]
[Black "Haeusler, Florian"]
[Result "1/2-1/2"]
[WhiteElo "1816"]
[BlackElo "1514"]
[PlyCount "40"]
[EventDate "2012.12.26"]
[EventType "swiss"]
[EventRounds "7"]
[EventCountry "GER"]
[SourceTitle "EXT 2014"]
[Source "ChessBase"]
[SourceDate "2013.11.20"]
[SourceVersion "1"]
[SourceVersionDate "2013.11.20"]
[SourceQuality "1"]

1. e4 c5 2. Nf3 d6 3. d4 cxd4 4. Nxd4 Nf6 5. Nc3 a6 6. Bc4 e6 7. Bb3 Be7 8. Be3 Qc7 9. f3 Nc6 10. Qd2 b5 11. 0-0-0 Na5 12. Kb1 Nc4 13. Bxc4 Qxc4 14. g4 Bb7 15. h4 Rc8 16. h5 h6 17. Nb3 Qc7 18. Ne2 Nxe4 19. Qd3 Nf6 20. Rhf1 Nd5 1/2-1/2

[Event "Wittelsbach op 1st"]
[Site "Kelheim"]
[Date "2012.12.27"]
[Round "3"]
[White "Klarl, Wolfgang"]
[Black "Haeusler, Florian"]
[Result "0-1"]
[WhiteElo "1817"]
[BlackElo "1514"]
[PlyCount "58"]
[EventDate "2012.12.26"]
[EventType "swiss"]
[EventRounds "7"]
[EventCountry "GER"]
[SourceTitle "EXT 2014"]
[Source "ChessBase"]
[SourceDate "2013.11.20"]
[SourceVersion "1"]
[SourceVersionDate "2013.11.20"]
[SourceQuality "1"]

1. f4 c5 2. b3 d5 3. Bb2 Nf6 4. e3 Nc6 5. Bb5 Qb6 6. Bxc6+ Qxc6 7. Nf3 Bg4 8. h3 Bxf3 9. Qxf3 e6 10. d3 Bd6 11. Nd2 Qc7 12. 0-0 0-0-0 13. Rad1 h5 14. e4 Be7 15. e5 Ng8 16. d4 Nh6 17. g4 hxg4 18. hxg4 f6 19. Qg3 f5 20. g5 Ng4 21. Rfe1 Rh5 22. Nf3 Rdh8 23. Kf1 Rh3 24. Qg2 Rxf3+ 25. Qxf3 Nh2+ 26. Kg2 Nxf3 27. Kxf3 Rh4 28. Rh1 Rxh1 29. Rxh1 cxd4 0-1

[Event "Oberpfalz-ch M3"]
[Site "Kareth Lappersdorf"]
[Date "2008.03.16"]
[Round "4"]
[White "Haeusler, Florian"]
[Black "Martin, Mike1111"]
[Result "1-0"]
[WhiteElo "1305"]
[BlackElo "1175"]
[PlyCount "59"]
[EventDate "2008.03.15"]
[EventType "swiss"]
[EventRounds "8"]
[EventCountry "GER"]
[SourceTitle "EXT 2022"]
[Source "ChessBase"]
[SourceDate "2021.10.06"]
[SourceVersion "1"]
[SourceVersionDate "2021.10.06"]
[SourceQuality "1"]

1. e4 d5 2. exd5 Qxd5 3. Nc3 Qa5 4. d4 c6 5. Nf3 Bg4 6. Bc4 Nf6 7. Bd2 Qc7 8. h3 Bh5 9. Bg5 Nbd7 10. Qd2 e6 11. a3 Bd6 12. 0-0-0 h6 13. Be3 0-0 14. g4 Bg6 15. Rhg1 b5 16. Bd3 Bxd3 17. Qxd3 b4 18. axb4 Bxb4 19. g5 hxg5 20. Bxg5 Bxc3 21. bxc3 g6 22. Bh6 Rfd8 23. Rxg6+ Kh8 24. Bg7+ Kh7 25. Rg2+ Ne4 26. Qxe4+ f5 27. Qh4+ Kg8 28. Be5+ Kf7 29. Rg7+ Kf8 30. Qh8# 1-0